Регионална библиотека "Любен Каравелов" - Русе

Леля Хулия и писачът (Запис номер 48518)

MARC детайли
000 -Лидер
Контролно поле с фиксирана дължина 01290nam a2200301 c 4500
003 - Код на организацията, давaща контролен номер
Контролно поле BLK
005 - Дата и час на последна редакция
Контролно поле 20200514134123.0
008 - Елементи от данни с фиксирана дължина
fixed length control field 180408b bul|||||r ||||||| ||bul||
010 ## - Наследен системен номер
LC control number KNG00052336000
040 ## - Източник на каталожния запис
Идентификатор на билиотеката - собственик на записа BLK
041 ## - Код за език
Код за езика на текст/звукозапис или на отделно заглавие Български
Код за езика КДБФ Български
Други езици Испански
080 ## - УДК
Текстов определител УДК Латино-американска литература
УДК код - определител по УДК 821.134.2(7/8)
УДК определител -31
УДК - код + определител 821.134.2(7/8)-31
100 1# - Редна дума - Автор
Автор Варгас Льоса, Марио
Авторска отговорност първи автор
R(LIN) 281807
139 ## - Редно поле
Редна дума Варгас Льоса, Марио
Авторски знак Вар - В 22
245 10 - Сведения за заглавието
Заглавие Леля Хулия и писачът
Подзаглавни данни Роман
Редно поле (дума) Марио Варгас Льоса; прев. от исп. Емилия Юлзари; с послесл. от Емилия Юлзари.
257 ## - Страна на издаване
Страна на създаване/издаване Перу
260 ## - Област на издателските данни
-- Пловдив
Име на издателя, разпространителя и проч. Христо Г. Данов
Година на издаване 1981
Печатница София : Д. Благоев
300 ## - Физическа характеристика
Страници 375 с.
Размери/Мащаб 20 см
380 ## - Жанр
Жанр Худож. лит.
500 ## - Общи забележки
Забележка Ориг. загл. La tia Julia y el escribador.- В кн. означено 8
700 1# - Други автори (авторска отговорност)
Лично име Юлзари, Емилия
Автороска отговорност (Описва отношението между автора и произведението) прев. от исп.
9 (RLIN) 282115
700 1# - Други автори (авторска отговорност)
Лично име Юлзари, Емилия
Автороска отговорност (Описва отношението между автора и произведението) с послесл. от
9 (RLIN) 368326
852 ## - Местоположение
Форматна сигнатура Цб 110995
856 4# - Електронен адрес и достъп
Електронен формат pdf - файл
Път до файла /url/
856 4# - Електронен адрес и достъп
Електронен формат pdf - файл
Път до файла /url/
942 ## - АРТИКУЛИ
Вид на библиотечния материал Книги
Скрит в OPAC Не
Koha issues (borrowed), all copies 1
944 ## - СЪЗДАВАНЕ И РЕДАКЦИЯ на ЗАПИСА
Създаване/Редакция Създаване
Дата на регистрацията/редакция 02.09.2016
Служител, извършил регистрацията/редакцията Христина_Везирева
944 ## - СЪЗДАВАНЕ И РЕДАКЦИЯ на ЗАПИСА
Създаване/Редакция Редакция
Дата на регистрацията/редакция 02.09.2016
Служител, извършил регистрацията/редакцията Христина_Везирева
999 ## - СИСТЕМНИ КОНТРОЛНИ НОМЕРА
Koha biblionumber 48518
Koha biblioitemnumber 48518
Наличности
Код за отписване Код за изгубен артикул Източник на класификационната схема Код за повреда Коз за рестрикции Код за отдаване Артикулен № Име на библиотеката - собственик Име на библиотеката, в която се намира в момента Статус (Текущо местоположение) Дата на вписване в системата Местоположение - отдел Цена в лева Инвентарен номер Систематично азбучна сигнатура Баркод Номер на екземпляра Цена в евро Служебна бележка Служебен тип на артикула
  Не е изгубен Universal Decimal Classification Не е повреден само за читалня ползва се в читалня 76101 Регионална библиотека "Любен Каравелов" Русе Регионална библиотека "Любен Каравелов" Русе Хранилище 1981-01-01 Хранилище 2.20 337745 Цб 110995 120000337745 1 1.12 Вид: Сф Дата: 01.01.1981 Книги
  Не е изгубен Universal Decimal Classification Не е повреден без рестрикции заемане за дома 76102 Регионална библиотека "Любен Каравелов" Русе Регионална библиотека "Любен Каравелов" Русе Заемна - подръчен фонд 1981-01-01 Заемна - подръчен фонд 2.20 337167 П 860(7/ 8)-31/В 22 120000337167 2 1.12 Вид: Сф Дата: 01.01.1981 Дата инв: 09.02.2018 Бележки инв: П2018 Книги
Изтеглен Не е изгубен Universal Decimal Classification Не е повреден без рестрикции заемане за дома 76103 Регионална библиотека "Любен Каравелов" Русе Регионална библиотека "Любен Каравелов" Русе Заемна - подръчен фонд 1981-01-01 Заемна - подръчен фонд 2.20 337176 П 860(7/ 8)-31/В 337176 3 1.12 Вид: Сф Дата: 01.01.1981 Книги
Изтеглен Не е изгубен Universal Decimal Classification Не е повреден без рестрикции заемане за дома 76104 Регионална библиотека "Любен Каравелов" Русе Регионална библиотека "Любен Каравелов" Русе Заемна - подръчен фонд 1981-01-01 Заемна - подръчен фонд 2.20 337175 П 860(7/ 8)-31/В 337175 4 1.12 Вид: Сф Дата: 01.01.1981 Дата инв: 09.02.2018 Бележки инв: П2018 Книги
Изтеглен Не е изгубен Universal Decimal Classification Не е повреден без рестрикции заемане за дома 76105 Регионална библиотека "Любен Каравелов" Русе Регионална библиотека "Любен Каравелов" Русе Заемна - подръчен фонд 1981-01-01 Заемна - подръчен фонд 2.20 337163 П 860(7/ 8)-31/В 337163 5 1.12 Вид: Сф Дата: 01.01.1981 Книги
Изтеглен Не е изгубен Universal Decimal Classification Не е повреден без рестрикции заемане за дома 76106 Регионална библиотека "Любен Каравелов" Русе Регионална библиотека "Любен Каравелов" Русе Заемна - подръчен фонд 1981-01-01 Заемна - подръчен фонд 2.20 337171 П 860(7/ 8)-31/В 337171 6 1.12 Вид: Сф Дата: 01.01.1981 Книги
Vip Innovations Ltd, Rousse, Bulgaria 2025